000 01135nam0a2200301 4500
001 RU\NLR\bibl\484181
005 20260406074510.0
010 _a5-98235-009-5
_95000
021 _aRU
_b2003-67921
_93350
035 _a(NLR Aleph) 000476917
090 _a1029123
_c1029123
100 _a20040128d2003 |||y0rusy50 ca
101 0 _arus
102 _aRU
105 _aa |||||||||
200 1 _aФантомы грядущего
_e[Прогресс, ведущий в никуда?]
_fАлександр Белов
210 _aМ.
_cПилигрим-Пресс
_d2003
215 _a430 с.
_cил.
_d22
225 1 _aКто мы?
606 0 _aЦивилизация
_xИстория
_xОригинальные теории
_92117158
_3RU\NLR\auth\661278868
686 _aТ3(0)0,02
700 1 _4070
_7ca
_8rus
_aБелов
_bА. И.
_cписатель, палеонтолог, психолог
_f1963-
_gАлександр Иванович
_917945
_3RU\NLR\auth\7734946
801 0 _aRU
_bNLR
_c20040128
_gPSBO
801 1 _aRU
_bNLR
_c20040128
830 _aАвт. по кн.
942 _cBOOK
980 _aNB